Deficit láme rekordy

Dôvody nepriaznivo vyvíjajúcej sa obchodnej výmeny Slovenskej republiky so zahraničím. Saldo zahraničného obchodu. Zahraničný obchod v roku 2002. Konkurenčné prednosti slovenského exportu. Vplyv udalostí v USA. Podiel krajín na dovoze.

Salvato in:
Dettagli Bibliografici
Autore principale: Onuferová, Marianna
Natura: Capitolo di libro
Lingua:slovacco
Soggetti:
Tags: Aggiungi Tag
Nessun Tag, puoi essere il primo ad aggiungerne!!

MARC

LEADER 00000naa a2200000 4500
001 r043365
005 20230920073543.0
041 0 |a slo 
044 |a SK 
245 1 0 |a Deficit láme rekordy  |c Marianna Onuferová 
520 |a Dôvody nepriaznivo vyvíjajúcej sa obchodnej výmeny Slovenskej republiky so zahraničím. Saldo zahraničného obchodu. Zahraničný obchod v roku 2002. Konkurenčné prednosti slovenského exportu. Vplyv udalostí v USA. Podiel krajín na dovoze. 
610 2 0 |a obchod zahraničný 
610 2 0 |a Slovensko 
610 2 0 |a bilancia obchodná 
610 2 0 |a vývoz 
610 2 0 |a dovoz 
610 2 0 |a konkurencieschopnosť 
610 2 0 |a krajiny vyspelé 
100 1 |a Onuferová, Marianna